[Event "COL-ch Amateur U2000"]
[Site "Paipa"]
[Date "2020.02.29"]
[Round "6"]
[White "Garcia, John Fredy"]
[Black "Paez, Adolfo"]
[Result "1-0"]
[WhiteElo "1824"]
[BlackElo "1724"]
[PlyCount "53"]
[EventDate "2020.02.26"]
[EventType "swiss"]
[EventRounds "9"]
[EventCountry "COL"]
[SourceTitle "CBM 195 Extra"]
[Source "ChessBase"]
[SourceDate "2020.05.31"]
[SourceVersion "1"]
[SourceVersionDate "2020.05.31"]
[SourceQuality "1"]

1. d4 Nf6 2. c4 d5 3. Nc3 c6 4. Bf4 e6 5. e3 Be7 6. h3 Nbd7 7. Nf3 a6 8. c5 Ne4 9. Qc2 Ndf6 10. Bd3 h6 11. Nxe4 dxe4 12. Bxe4 Nxe4 13. Qxe4 Qd5 14. Qc2 0-0 15. 0-0 Bd7 16. Ne5 Be8 17. Nc4 Qf5 18. Qb3 b5 19. cxb6 g5 20. b7 gxf4 21. bxa8Q Bd7 22. Qab7 e5 23. Nxe5 Rd8 24. Nxc6 Qe6 25. Nxd8 Qxb3 26. axb3 Bxd8 27. Qxd7 1-0

[Event "COL-ch Amateur U2000"]
[Site "Paipa"]
[Date "2020.02.27"]
[Round "2"]
[White "Garcia, John Fredy"]
[Black "Penas Burgos, Nestor"]
[Result "0-1"]
[WhiteElo "1824"]
[BlackElo "1675"]
[PlyCount "100"]
[EventDate "2020.02.26"]
[EventType "swiss"]
[EventRounds "9"]
[EventCountry "COL"]
[SourceTitle "CBM 195 Extra"]
[Source "ChessBase"]
[SourceDate "2020.05.31"]
[SourceVersion "1"]
[SourceVersionDate "2020.05.31"]
[SourceQuality "1"]

1. d4 Nf6 2. e3 d6 3. Bd3 g6 4. Nd2 Bg7 5. Ne2 0-0 6. 0-0 Nbd7 7. Re1 e5 8. b3 Re8 9. f3 c6 10. Ba3 d5 11. Ng3 h5 12. Bb2 h4 13. Nh1 e4 14. Bf1 exf3 15. gxf3 Nh5 16. Qe2 Ndf6 17. Nf2 Bh6 18. Qd3 Bf5 19. e4 Nf4 20. Qc3 Be6 21. Rad1 Rc8 22. Nd3 N6h5 23. Nxf4 Nxf4 24. Kh1 Bh3 25. Bxh3 Nxh3 26. Re2 Nf4 27. Rf2 h3 28. Nf1 Kh7 29. Ng3 Ng2 30. Bc1 Nf4 31. Ne2 Nxe2 32. Rxe2 Bxc1 33. Rxc1 Qf6 34. Rce1 dxe4 35. fxe4 Kg7 36. Qd2 Rh8 37. Rf2 Qe6 38. e5 Qd5+ 39. Kg1 Rh4 40. c3 Rg4+ 41. Kf1 c5 42. Re3 cxd4 43. Rxh3 Qh1+ 44. Ke2 Qe4+ 45. Kf1 Qb1+ 46. Ke2 Re4+ 47. Kf3 Rxc3+ 48. Kg2 Rg4+ 49. Rg3 Qe4+ 50. Kh3 Rh4# 0-1

[Event "Tunja Boyaca op-B"]
[Site "Tunja"]
[Date "2019.08.02"]
[Round "4"]
[White "Garcia, John Fredy"]
[Black "Gonzalez Martinez, Jose Omar"]
[Result "1-0"]
[WhiteElo "1822"]
[BlackElo "1622"]
[PlyCount "57"]
[EventDate "2019.07.31"]
[EventType "swiss"]
[EventRounds "9"]
[EventCountry "COL"]
[SourceTitle "EXT 2020"]
[Source "ChessBase"]
[SourceDate "2019.10.17"]
[SourceVersion "1"]
[SourceVersionDate "2019.10.17"]
[SourceQuality "1"]

1. d4 Nf6 2. c4 g6 3. Nc3 Bg7 4. e4 d6 5. Bd3 0-0 6. Nge2 Bg4 7. f3 Bd7 8. Bg5 Na6 9. h4 h6 10. Be3 c5 11. d5 Re8 12. Qd2 Kh7 13. h5 Ng8 14. hxg6+ fxg6 15. Nf4 e6 16. e5 Ne7 17. Nxg6 Nf5 18. Nh4 Kg8 19. Nxf5 exf5 20. e6 Bxe6 21. dxe6 Rxe6 22. Bxf5 Re5 23. Be4 Qf8 24. Bxh6 Rae8 25. Bxg7 Qxg7 26. 0-0-0 Rg5 27. Qxd6 Qe5 28. Bd5+ Kg7 29. Qh6# 1-0

[Event "COL-ch U2000"]
[Site "Moniquira"]
[Date "2019.07.20"]
[Round "3"]
[White "Garcia, John Fredy"]
[Black "Campos Gomez, Manuel"]
[Result "0-1"]
[WhiteElo "1905"]
[BlackElo "1737"]
[PlyCount "104"]
[EventDate "2018.07.19"]
[EventType "swiss"]
[EventRounds "7"]
[EventCountry "COL"]
[SourceTitle "EXT 2021"]
[Source "ChessBase"]
[SourceDate "2020.10.23"]
[SourceVersion "1"]
[SourceVersionDate "2020.10.23"]
[SourceQuality "1"]

1. d4 d5 2. e3 Nf6 3. Bd3 g6 4. Nd2 Bg7 5. f4 b6 6. Ngf3 Bb7 7. Ne5 0-0 8. Qf3 Nfd7 9. Qh3 f5 10. Ndf3 Nxe5 11. fxe5 e6 12. e4 Qe7 13. Ng5 Bh8 14. exf5 exf5 15. c3 c5 16. 0-0 Nc6 17. Nf3 a5 18. Bg5 Qd7 19. Rae1 Rae8 20. Bh6 Bg7 21. Bc1 c4 22. Bc2 Nd8 23. Ng5 Bh8 24. Qh6 b5 25. Rf3 Ne6 26. Rh3 Nxg5 27. Bxg5 Re6 28. Rf1 Qg7 29. Qh4 Qd7 30. Rhf3 Ree8 31. Rh3 Bc6 32. Bh6 Bg7 33. Bf4 Bh8 34. g4 fxg4 35. Rg3 Qe7 36. Qxg4 Bd7 37. Qd1 Bg7 38. Qd2 Bf5 39. Bg5 Qe6 40. b3 Bxc2 41. Qxc2 Rxf1+ 42. Kxf1 Rf8+ 43. Kg2 Qf5 44. Qe2 Re8 45. h4 Re6 46. Rf3 Qg4+ 47. Kh2 h5 48. Qf2 cxb3 49. axb3 Qe4 50. Rf7 Re8 51. Be7 Bxe5+ 52. Kh3 Qg4# 0-1

[Event "COL-ch Amateur"]
[Site "Villavicencio"]
[Date "2015.02.20"]
[Round "6"]
[White "Garcia, John Fredy"]
[Black "Bolivar, Jhon Jairo"]
[Result "0-1"]
[WhiteElo "1877"]
[BlackElo "1809"]
[PlyCount "94"]
[EventDate "2015.02.18"]
[EventType "swiss"]
[EventRounds "9"]
[EventCountry "COL"]
[SourceTitle "CBM 165 Extra"]
[Source "ChessBase"]
[SourceDate "2015.04.21"]
[SourceVersion "1"]
[SourceVersionDate "2015.04.21"]
[SourceQuality "1"]

1. d4 Nf6 2. e3 c5 3. c3 cxd4 4. exd4 g6 5. Bd3 Bg7 6. f4 b6 7. Nf3 0-0 8. 0-0 Ba6 9. Re1 Bxd3 10. Qxd3 d6 11. Nbd2 Nbd7 12. f5 Re8 13. Ng5 h6 14. Nge4 g5 15. Nf3 Nxe4 16. Qxe4 Nf6 17. Qd3 Qd7 18. Bd2 b5 19. Re2 Nd5 20. g3 Nb6 21. Rae1 Rad8 22. Bc1 e5 23. fxe6 Rxe6 24. Rxe6 fxe6 25. Qg6 Re8 26. Bxg5 Rf8 27. Bf4 Rf6 28. Qg4 Nd5 29. Bc1 Qf7 30. Nd2 Rg6 31. Qe2 e5 32. dxe5 Nf4 33. Qf1 dxe5 34. Kh1 Qd5+ 35. Ne4 Nd3 36. Qg2 Kh8 37. Rd1 Qxe4 38. Qxe4 Nf2+ 39. Kg2 Nxe4 40. Rd7 a6 41. Be3 Rd6 42. Ra7 Nf6 43. Kf3 e4+ 44. Kf4 Nd5+ 45. Kxe4 Nxe3 46. Kxe3 b4 47. cxb4 Bd4+ 0-1

[Event "COL-ch Amateur"]
[Site "Colombia"]
[Date "2014.03.12"]
[Round "2"]
[White "Prado, Leonardo"]
[Black "Garcia, John Fredy"]
[Result "1-0"]
[WhiteElo "1954"]
[BlackElo "1881"]
[PlyCount "43"]
[EventDate "2014.03.12"]
[EventType "swiss"]
[EventRounds "9"]
[EventCountry "COL"]
[SourceTitle "CBM 159 Extra"]
[Source "ChessBase"]
[SourceDate "2014.04.24"]
[SourceVersion "1"]
[SourceVersionDate "2014.04.24"]
[SourceQuality "1"]

1. e4 d5 2. exd5 Nf6 3. d4 Nxd5 4. c4 Nb4 5. a3 N4c6 6. Be3 Bf5 7. Nc3 e6 8. Nf3 Nd7 9. Be2 Be7 10. d5 Nce5 11. Nd4 Nc5 12. 0-0 Qd7 13. f4 Ng6 14. g4 Ne4 15. gxf5 Nxc3 16. bxc3 exf5 17. Rb1 b6 18. Bd3 Nh4 19. Bf2 g6 20. Nc6 0-0 21. Bd4 g5 22. Qh5 1-0

[Event "COL-ch Amateur"]
[Site "San Andres Islas"]
[Date "2013.03.17"]
[Round "9"]
[White "Sandoval Guerrero, Juan David"]
[Black "Garcia, John Fredy"]
[Result "0-1"]
[WhiteElo "1479"]
[BlackElo "1888"]
[PlyCount "42"]
[EventDate "2013.03.13"]
[EventType "swiss"]
[EventRounds "9"]
[EventCountry "COL"]
[SourceTitle "CBM 153 Extra"]
[Source "ChessBase"]
[SourceDate "2013.04.22"]
[SourceVersion "1"]
[SourceVersionDate "2013.04.22"]
[SourceQuality "1"]

1. e4 d5 2. exd5 Nf6 3. Nf3 Qxd5 4. Nc3 Qa5 5. Bc4 Bg4 6. d3 c6 7. a3 e6 8. h3 Bh5 9. g4 Bg6 10. Bd2 Qc7 11. Qe2 Nbd7 12. 0-0-0 b5 13. Ba2 b4 14. axb4 Bxb4 15. g5 Nd5 16. Nxd5 Bxd2+ 17. Rxd2 cxd5 18. Bxd5 Rb8 19. Nh4 Qa5 20. Rdd1 Qxd5 21. Nf3 Bh5 0-1

[Event "Duitama op 9th"]
[Site "Duitama"]
[Date "2013.01.06"]
[Round "6"]
[White "Garcia, John Fredy"]
[Black "Alvarado, Alirio"]
[Result "1-0"]
[WhiteElo "1888"]
[BlackElo "1600"]
[PlyCount "93"]
[EventDate "2013.01.03"]
[EventType "swiss"]
[EventRounds "7"]
[EventCountry "COL"]
[SourceTitle "CBM 152 Extra"]
[Source "ChessBase"]
[SourceDate "2013.02.25"]
[SourceVersion "1"]
[SourceVersionDate "2013.02.25"]
[SourceQuality "1"]

1. d4 Nf6 2. e3 d5 3. Bd3 Nc6 4. c3 e5 5. dxe5 Nxe5 6. Bc2 Be6 7. Nd2 Bc5 8. h3 h5 9. Ngf3 Qd6 10. Nxe5 Qxe5 11. Nf3 Qd6 12. Qe2 Ne4 13. Nd4 g5 14. Bd2 Nxd2 15. Qxd2 g4 16. h4 Rf8 17. a4 a5 18. g3 0-0-0 19. Rb1 Bxd4 20. cxd4 Qb4 21. Qxb4 axb4 22. a5 Rd6 23. Bd3 Kd7 24. Kd2 Ra8 25. Ra1 Ke7 26. Rhc1 Kd8 27. Ra2 Bd7 28. Rca1 Rf6 29. Ke1 Bf5 30. Bxf5 Rxf5 31. Ra4 Ra6 32. Rxb4 Raf6 33. Rxb7 Rxf2 34. Rb8+ Kd7 35. Ra3 Rh2 36. Rd3 Rff2 37. a6 Rc2 38. Kd1 Rcg2 39. Kc1 Rh1+ 40. Rd1 Rxd1+ 41. Kxd1 Rg1+ 42. Kd2 Ra1 43. Rh8 Rxa6 44. Rxh5 Rg6 45. Rxd5+ Kc6 46. Rf5 Rg7 47. Kc3 1-0

[Event "Bogota op 10"]
[Site "Bogota"]
[Date "2012.10.12"]
[Round "2"]
[White "Garcia, John Fredy"]
[Black "Salcedo, Diana"]
[Result "0-1"]
[WhiteElo "1917"]
[BlackElo "2014"]
[PlyCount "97"]
[EventDate "2012.10.11"]
[EventType "swiss"]
[EventRounds "9"]
[EventCountry "COL"]
[SourceTitle "EXT 2013"]
[Source "ChessBase"]
[SourceDate "2012.11.22"]
[SourceVersion "1"]
[SourceVersionDate "2012.11.22"]
[SourceQuality "1"]

1. d4 Nf6 2. e3 d5 3. c3 e6 4. Bd3 c5 5. Nd2 Nc6 6. f4 Bd6 7. g3 c4 8. Bc2 b5 9. Ngf3 a5 10. Ne5 Bb7 11. 0-0 h5 12. Qf3 Qe7 13. b3 b4 14. bxc4 bxc3 15. Nb1 Nb4 16. Ba4+ Kf8 17. Nxc3 dxc4 18. Qe2 Nfd5 19. Ne4 Nb6 20. Nxd6 Qxd6 21. Nxc4 Nxc4 22. Qxc4 Ba6 23. Bb5 Rc8 24. Bxa6 Rxc4 25. Bxc4 h4 26. g4 Qc6 27. Be2 Qc3 28. Rb1 Ke7 29. a3 Nd5 30. Kf2 Rc8 31. Rd1 Qc2 32. Rb2 Qa4 33. Rb7+ Rc7 34. Rxc7+ Nxc7 35. Rd3 Nb5 36. d5 exd5 37. Rxd5 Nc3 38. Re5+ Kd6 39. Bd2 Ne4+ 40. Ke1 Nxd2 41. Kxd2 Qxa3 42. Rb5 a4 43. Bc4 f6 44. f5 Qa1 45. Rb7 a3 46. Rxg7 Qb2+ 47. Kd3 a2 48. Bxa2 Qxa2 49. Kc3 0-1